000
00339nam a2200133Ia 4500
008
231129s9999||||xx |||||||||||||| ||spa||
020
_a
84-7634-681-6
040
_b
spa
082
_a
621.3811 D328c
100
_a
Deken Joseph
245
0
_a
La casa electronica
264
_a
Orbis
942
_2
ddc
_c
BKS
999
_c
16577
_d
16577